The psychology of work and organizations. / (Record no. 9282)

MARC details
000 -LEADER
fixed length control field 01451pam a2200265 a 4500
001 - CONTROL NUMBER
control field 4260709
003 - CONTROL NUMBER IDENTIFIER
control field OSt
005 - DATE AND TIME OF LATEST TRANSACTION
control field 20221011145837.0
008 - FIXED-LENGTH DATA ELEMENTS--GENERAL INFORMATION
fixed length control field 841030s1985 mnua b 001 0 eng
010 ## - LIBRARY OF CONGRESS CONTROL NUMBER
LC control number 84025693
020 ## - INTERNATIONAL STANDARD BOOK NUMBER
International Standard Book Number 9781408018866
040 ## - CATALOGING SOURCE
Original cataloging agency DLC
Transcribing agency DLC
Modifying agency DLC
050 00 - LIBRARY OF CONGRESS CALL NUMBER
Classification number HF5548.8.W89
082 00 - DEWEY DECIMAL CLASSIFICATION NUMBER
Classification number 158.7
Edition number 19
100 1# - MAIN ENTRY--PERSONAL NAME
Personal name Woods, Stephen A.
9 (RLIN) 631
245 10 - TITLE STATEMENT
Title The psychology of work and organizations. /
Statement of responsibility, etc. Stephen |A. Woods and Micheal A. West
260 ## - PUBLICATION, DISTRIBUTION, ETC.
Place of publication, distribution, etc. London :
Name of publisher, distributor, etc. South-Western/Cengage.,
Date of publication, distribution, etc. 2010.
300 ## - PHYSICAL DESCRIPTION
Extent xviii, 598 p. :
Other physical details ill. ;
504 ## - BIBLIOGRAPHY, ETC. NOTE
Bibliography, etc. note Includes bibliographies and index.
505 ## - FORMATTED CONTENTS NOTE
Formatted contents note Contents: 1. Foundations of work and organizational psychology: Research methods in works and organizational psychology -- Individual differences at work -- Attitudes and behaviour in organizations -- Motivation at work -- 2. Professional practice of work and organizational psychology: Recruitment and selection -- Learning, training and development -- Performance measurement and management -- Careers and career management -- Safety, stress and health at work -- 3. Organizations: Organizations strategy and structures -- Leadership in organizations -- Teams and teamwork -- Organizational culture climate and change -- The psychology of work and organizations --
650 #0 - SUBJECT ADDED ENTRY--TOPICAL TERM
Topical term or geographic name entry element Psychology, Industrial.
9 (RLIN) 632
700 ## - ADDED ENTRY--PERSONAL NAME
Personal name West, Micheal A.
9 (RLIN) 633
906 ## - LOCAL DATA ELEMENT F, LDF (RLIN)
a 7
b cbc
c orignew
d 1
e ocip
f 19
g y-gencatlg
942 ## - ADDED ENTRY ELEMENTS (KOHA)
Source of classification or shelving scheme Library of Congress Classification
Koha item type Books
Holdings
Withdrawn status Lost status Source of classification or shelving scheme Damaged status Not for loan Home library Current library Shelving location Date acquired Total Checkouts Full call number Barcode Date last seen Copy number Price effective from Koha item type
    Library of Congress Classification     WISCONSIN INTERNATIONAL UNIVERSITY COLLEGE, GHANA KUMASI LIBRARY WISCONSIN INTERNATIONAL UNIVERSITY COLLEGE, GHANA KUMASI LIBRARY General Stacks 08/11/2019   HF5548.8.W89 K/1746/1746/19 11/10/2022 1 11/10/2022 Books
    Library of Congress Classification     WISCONSIN INTERNATIONAL UNIVERSITY COLLEGE, GHANA KUMASI LIBRARY WISCONSIN INTERNATIONAL UNIVERSITY COLLEGE, GHANA KUMASI LIBRARY General Stacks 08/11/2019   HF5548.8.W891 K/1747/1747/19 11/10/2022 2 11/10/2022 Books

If you have any concerns or questions; kindly contact the library


© Powered by WIUC ICT DIRECTORATE